000 00759cab a2200241 4500
001 ABS38836
008 090401t1988 xxu||||| |||| 00| 0 eng d
035 _a(Sirsi) u12657
041 _aeng
100 _aButler, D.
245 _aProperty investment: a return to grace
260 _c1988
350 _a0
490 _aLocal Government Chronicle
_vSupplement 5 February 1988
520 _aNotes recent trends for investment in commercial, industrial and retail property. Refers to figures produced by the Investment Property Databank and Debenham Tewson and Chinnocks . Tables.
650 _aMARKET
650 _aRENTS
650 _aRETURNS
650 _aUNITISATION
690 _aPROPERTY LAW AND PRACTICE
942 _n0
948 _c04/03/1997
999 _c8097
_d8097